Využitie biomasy a geotermálnej energie = Utilisation of biomadd and geothermal energy

Na minha lista:
Detalhes bibliográficos
Autor principal: Brezovský, Martin (Author)
Outros Autores: Janíček, František, 1954- (Thesis advisor)
Formato: Manuscrito Livro
Idioma:eslovaco
Publicado em: Bratislava : STU v Bratislave FEI, 1999
Assuntos:
Tags: Adicionar Tag
Sem tags, seja o primeiro a adicionar uma tag!

MARC

LEADER 00000ntm a22000003a 4500
001 stu54913
005 20160719164849.3
008 000828s1999----xo------------------slo-d
040 |a STU  |b slo 
041 0 |a slo 
044 |a xo 
100 1 |a Brezovský, Martin  |4 aut 
245 1 |a Využitie biomasy a geotermálnej energie = Utilisation of biomadd and geothermal energy 
260 |a Bratislava :  |b STU v Bratislave FEI,  |c 1999 
300 |a 74 s 
650 7 |a Elektroenergetika  |2 stusub 
650 7 |a silnoprúdová elektrotechnika  |2 stusub 
700 1 |a Janíček, František,  |d 1954-  |4 ths  |u E020  |U FEI Fakulta elektrotechniky a informatiky  |T FEI Ústav elektroenergetiky a aplikovanej elektrotechniky  |X 1958  |U E020  |Y 548  |7 A000001958